| 000 | 01057cam a22003257a 4500 | ||
|---|---|---|---|
| 003 | CHAP | ||
| 005 | 20220329134021.0 | ||
| 008 | 971013s1975 r 00010 d | ||
| 010 | _a14161 | ||
| 011 | _a15133 | ||
| 035 | _a19207 | ||
| 040 | _cCHAP | ||
| 082 |
_a580.12 _bB46 1975 |
||
| 100 | 0 | 0 |
_aBell, Peter Robert. _911369 |
| 245 | 1 | 4 | _aThe diversity of green plants |
| 250 | _a2 ed. | ||
| 260 |
_aBaltimore, Md. : _bUniversity Park, _c1975 |
||
| 300 |
_a374 p. _b: ilus. |
||
| 490 | 2 | _aA series of student texts in contemporary biology | |
| 590 |
_aBATCH-UPD _b10 _c20130110 _lUCH01 _h2106 |
||
| 590 |
_aBATCH-UPD _b10 _c20130410 _lUCH01 _h1418 |
||
| 590 |
_aBATCH-UPD _b10 _c20130914 _lUCH01 _h0728 |
||
| 590 |
_aCONVERSION _b10 _c20130109 _lUCH01 _h1309 |
||
| 650 | 1 | 4 |
_aBotánica _xClasificación. _914516 |
| 700 | 0 |
_aWoodcock, Christopher L. F. _9122548 |
|
| 830 | 2 |
_aA series of student texts in contemporary biology _997 |
|
| 901 | _aBK | ||
| 942 | _cLIBRO | ||
| 949 |
_a580.12 B46 1975 _bBC _cLIBRO _d33724000518965 _eLIBRO _h52108 _i19207 _si _t442.00 |
||
| 999 |
_c14161 _d14161 |
||